| 000 | 00441nam a2200181Ia 4500 | ||
|---|---|---|---|
| 008 | 171120s9999 xx 000 0 und d | ||
| 020 | _a9.7897104283e+012 | ||
| 050 | _a306.87 | ||
| 050 | _bC392 2006 | ||
| 245 | _aCelebrate mom / | ||
| 260 | _aPhilippines : | ||
| 260 | _bShepherd House Publishers, Inc., | ||
| 260 | _c2006 | ||
| 300 | _a125 pages : | ||
| 300 | _billustrations ; | ||
| 300 | _c17cm. | ||
| 650 | _aMother and child. | ||
| 999 |
_c345402 _d345402 |
||